00440nam a2200109Ia 4500008004100000020001800041100002000059245016600079260002700245650001300272856004500285171212s9999 xx 000 0 und d a9780833059369 aHosek, Susan D. cHosek, Susan D.aHealthcare Coverage and Disability Evaluation for Reserve Component PersonnelbResearch for the 11th Quadrennial Review of Military Compensation bRAND Corporationc2012 aBusiness uwww.jstor.org/stable/10.7249/j.ctt3fh01k